000 00318nam a2200133Ia 4500
005 20251222155202.0
008 251222s9999||||xx |||||||||||||| ||spa||
082 _aMEQ.167
100 _aJ.Surós.
245 0 _aSemiología médica y técnica exploratoria
250 _a1ra. ed.
264 _bNo tiene
942 _cLIB
999 _c39970
_d39970